Countries of Europe by Random Cities - Statistics

General Stats
  • This quiz has been taken 53 times
  • The average score is 33 of 38
Answer Stats
City Population (City) Country % Correct
Milan 3,155,000 Italy
100%
Lisbon 550,000 Portugal
100%
Marseille 1,627,549 France
98%
Cologne 1,144,000 Germany
98%
Cork 223,657 Ireland
98%
Utrecht 290,529 Netherlands
98%
Kraków 769,417 Poland
98%
St Petersburg 5,481,578 Russia
98%
Bilbao 347,000 Spain
98%
Malmö 357,377 Sweden
98%
Liverpool 500,500 United Kingdom
98%
Salzburg 151,814 Austria
96%
Prague 1,323,329 Czech Republic
96%
Budapest 1,778,000 Hungary
96%
Riga 621,369 Latvia
96%
Geneva 632,830 Switzerland
96%
Ljubljana 288,359 Slovenia
93%
Sarajevo 345,549 Bosnia and Herzegovina
91%
Dubrovnik 43,770 Croatia
91%
Bergen 290,193 Norway
91%
Kharkiv 1,421,125 Ukraine
91%
Ghent 270,538 Belgium
89%
Chisinau 487,707 Moldova
89%
Skopje 611,107 North Macedonia
89%
Aarhus 296,369 Denmark
87%
Patras 176,311 Greece
87%
Kaunas 298,753 Lithuania
85%
Plovdiv 342,048 Bulgaria
80%
Novi Sad 250,439 Serbia
80%
Tampere 347,000 Finland
78%
Tartu 97,435 Estonia
76%
Kópavogur 33,045 Iceland
76%
Kosice 240,688 Slovakia
76%
Gomel 510,243 Belarus
72%
Niksic 58,212 Montenegro
70%
Braila 216,929 Romania
65%
Prizren 121,000 Kosovo
63%
Fier 85,000 Albania
57%
No matching quizzes found
Score Distribution
Percent of People with Each Score
Percentile by Number Answered
Your Score History
You have not taken this quiz